|
|
|
|
| LEADER |
01281naa#a2200397#ar4500 |
| 001 |
000088621 |
| 003 |
SVKKK |
| 005 |
20080711102246.0 |
| 008 |
080319s2007 xo #|0||||||||0|||b|slo |
| FMT |
|
|
|
| 015 |
|
|
|a SNBRA2008/03
|
| 038 |
|
|
|a SVKKK
|
| 040 |
|
|
|a SVKKK
|b slo
|e AACR2
|
| 041 |
0 |
|
|a slo
|b eng
|
| 044 |
|
|
|a xo
|c SK
|
| 080 |
|
|
|a 582.261
|x (437.6)
|2 1997
|
| 080 |
|
|
|a 553.7.031.2
|x (437.6)
|2 1997
|
| 100 |
1 |
|
|a Hindák, František
|4 aut
|
| 245 |
1 |
0 |
|a Cyanobaktérie a rozsievky termálnych vôd v Sklených Tepliciach (Stredné Slovensko)
|c František Hindák, Alica Hindáková
|
| 246 |
3 |
1 |
|a Cyanobacteria and diatoms of thermal waters at Sklené Teplice (Central Slovakia)
|
| 300 |
|
|
|b Obr.
|
| 504 |
|
|
|a Bibliogr. odkazy
|
| 546 |
|
|
|a Res. angl.
|
| 650 |
0 |
4 |
|a cyanobaktérie
|x rozsievky
|x diverzita
|x termálne vody
|z Sklené Teplice (Slovensko)
|
| 651 |
|
4 |
|a Sklené Teplice (Slovensko)
|x termálne vody
|x mikroflóra
|
| 700 |
1 |
|
|a Hindáková, Alica
|4 aut
|
| 773 |
0 |
|
|t Bulletin Slovenskej botanickej spoločnosti 29
|d Bratislava : Slovenská botanická spoločnosť, 2007
|g S. 10-16
|z 9788096926565
|
| 957 |
|
|
|a Sklené Teplice
|
| 958 |
|
|
|a NB
|
| 958 |
|
|
|a SK
|
| 974 |
|
|
|a Ma
|
| 992 |
|
|
|a RZB
|
| BAS |
|
|
|
| 852 |
|
|
|a SVKKK
|b BIB
|
| EXP |
|
|
|
| 998 |
|
|
|a GEO
|